The Little Mermaid /
How much are you willing to sacrifice in the name of love? In the beloved fairy tale ´The Little Mermaid´, Hans Christian Andersen beautifully depicts a mermaid princess' tranquil but tragic life under the sea. Curious about humans, the princess daringly ventures above the surface and finds her...
Uloženo v:
| Hlavní autor: | |
|---|---|
| Médium: | E-kniha |
| Jazyk: | Czech |
| Vydáno: |
Praha :
Saga Egmont,
2023
|
| Tagy: |
Žádné tagy |
| LEADER | 01392nam a22002297i 4500 | ||
|---|---|---|---|
| 001 | 312061 | ||
| 007 | ta | ||
| 008 | 260601s2023 xr ||||| |||| 00| 0 cze d | ||
| 020 | |a 9990003844569 | ||
| 044 | |a xr | ||
| 100 | 1 | |a Andersen, H. C. |4 aut | |
| 245 | 1 | 0 | |a The Little Mermaid / |c Andersen, H. C. |
| 264 | 1 | |a Praha : |b Saga Egmont, |c 2023 | |
| 300 | |a 1 online zdroj (14 stran) | ||
| 336 | |a text |b txt |2 rdacontent | ||
| 337 | |a bez média |b n |2 rdamedia | ||
| 338 | |a online zdroj |b cr |2 rdacarrier | ||
| 520 | 2 | |a How much are you willing to sacrifice in the name of love? In the beloved fairy tale ´The Little Mermaid´, Hans Christian Andersen beautifully depicts a mermaid princess' tranquil but tragic life under the sea. Curious about humans, the princess daringly ventures above the surface and finds herself drawn to a human prince. However, being unable to do anything about her growing love for the prince, she eventually seeks help from a mystical sea witch, who changes her life forever - but at what cost? | |
| 910 | |a RBIT002 | ||
| 998 | |d 384456 |a https://core.palmknihy.cz/api/books/384456/cover?s5k7t6 |b https://core.palmknihy.cz/api/books/384456/cover/400?s5k7t6 |c https://core.palmknihy.cz/api/books/384456/cover/50?s5k7t6 |e |g 14 |i 9990003844569 |j https://core.palmknihy.cz/api/books/384456/preview.epub |l |q 49 |r 1 |s https://www.palmknihy.cz/kniha/384456 |t ebook |y 2023 |z 1 | ||
| 999 | |d 312059 | ||